Model Solving in Mathematical Programming
Αποθηκεύτηκε σε:
| Κύριος συγγραφέας: | |
|---|---|
| Μορφή: | Βιβλίο |
| Γλώσσα: | English |
| Δημοσίευση: |
Chichester ; New York :
John Wiley,
c1993
|
| Θέματα: | |
| Ετικέτες: |
Προσθήκη ετικέτας
Δεν υπάρχουν, Καταχωρήστε ετικέτα πρώτοι!
|
MARC
| LEADER | 00000nam a2200000 i 4500 | ||
|---|---|---|---|
| 001 | 1/45614 | ||
| 008 | 950607s1993 eng d | ||
| 020 | |a 0-471-93722-3 | ||
| 035 | |a 1995 |c ΠΑΠΑΔΟΠΟΥΛΟΣ |l 10042587 | ||
| 040 | |a GR-MY-UA |b gre |e aacr | ||
| 041 | 0 | |a eng | |
| 082 | 0 | |a 519.7 | |
| 100 | 1 | |a Williams, H. P. | |
| 245 | 1 | 0 | |a Model Solving in Mathematical Programming / |c H.P. Williams |
| 260 | |a Chichester ; New York : |b John Wiley, |c c1993 | ||
| 300 | |a xiii, 359 p.; |b ill.; |c 23 cm. | ||
| 500 | |a Includes bibliographical references and index | ||
| 650 | 0 | 0 | |a Programming (Mathematics) |
| 852 | |a INST |b SAMOS |e 19950607 |h 519.7 WIL |p 005300005620 |q 005300005620 |t BK |y 0 | ||
| 909 | |a Σ |b 039078 | ||